ग्रामीण समाज / (Record no. 117458)

MARC details
000 -LEADER
fixed length control field 01095nam a22002537a 4500
005 - DATE AND TIME OF LATEST TRANSACTION
control field 20170124103056.0
010 ## - LIBRARY OF CONGRESS CONTROL NUMBER
LC control number B-036563
020 ## - INTERNATIONAL STANDARD BOOK NUMBER
Terms of availability 125.00
035 ## - SYSTEM CONTROL NUMBER
System control number B-036563
037 ## - SOURCE OF ACQUISITION
Source of stock number/acquisition Cen Lib/Ret
040 ## - CATALOGING SOURCE
Original cataloging agency DPL
Language of cataloging HN
082 ## - DEWEY DECIMAL CLASSIFICATION NUMBER
Classification number
Item number चट्टोपा
100 ## - MAIN ENTRY--PERSONAL NAME
Personal name चट्टोपाध्याय , शरतचंद्र
9 (RLIN) 47008
245 ## - TITLE STATEMENT
Title ग्रामीण समाज /
Statement of responsibility, etc शरतचंद्र चट्टोपाध्याय
246 ## - VARYING FORM OF TITLE
Title proper/short title Gramin samaaj
Remainder of title by Sharatchandra Upadhaya
260 ## - PUBLICATION, DISTRIBUTION, ETC. (IMPRINT)
Place of publication, distribution, etc नई दिल्ली
Name of publisher, distributor, etc चेतन साहित्य मंदिर प्रकाशन
Date of publication, distribution, etc 2001
270 ## - ADDRESS
Address ए-47,अमर कॉलोनी लाजपत नगर
City नई दिल्ली
Postal code 110024
300 ## - PHYSICAL DESCRIPTION
Extent 112पृष्ठ.
Dimensions 20सेमी(सजिल्द )
650 ## - SUBJECT ADDED ENTRY--TOPICAL TERM
Topical term or geographic name as entry element हिंदी साहित्य
9 (RLIN) 74718
650 ## - SUBJECT ADDED ENTRY--TOPICAL TERM
Topical term or geographic name as entry element हिंदी उपन्यास
9 (RLIN) 74719
650 ## - SUBJECT ADDED ENTRY--TOPICAL TERM
Topical term or geographic name as entry element Hindi Literature
9 (RLIN) 74720
650 ## - SUBJECT ADDED ENTRY--TOPICAL TERM
Topical term or geographic name as entry element Hindi novel
9 (RLIN) 74721
942 ## - ADDED ENTRY ELEMENTS (KOHA)
Source of classification or shelving scheme Dewey Decimal Classification
Koha item type Hindi Books
Classification part
Call number suffix चट्टोपा
Holdings
Withdrawn status Lost status Damaged status Not for loan Home library Current library Date acquired Source of acquisition Cost, normal purchase price Total Checkouts Full call number Barcode Date last seen Copy number Cost, replacement price Price effective from Koha item type Public note Source of classification or shelving scheme
Withdrawn       Central Library Central Library 04/09/2015 Cen Lib /Ret 125.00   उ चट्टोपा B-036563 04/09/2015 1 125.00 04/09/2015 Hindi Books Written off on approval by DLB (By Circulation); dtd 15-06-2023  
        Central Library Central Library 08/11/2016 Cen Lib/Ret 125.00   उ चट्टोपा B-158046 08/11/2016 2 125.00 08/11/2016 Hindi Books   Dewey Decimal Classification

© Delhi Public Library
Hit Counter
free hit counter